The RF and microwave circuit design cookbook / (Record no. 175583)
[ view plain ]
| 000 -LEADER | |
|---|---|
| fixed length control field | 00872 a2200217 4500 |
| 003 - CONTROL NUMBER IDENTIFIER | |
| control field | Nust |
| 005 - DATE AND TIME OF LATEST TRANSACTION | |
| control field | 20220812123127.0 |
| 010 ## - LIBRARY OF CONGRESS CONTROL NUMBER | |
| LC control number | 98028219 |
| 020 ## - INTERNATIONAL STANDARD BOOK NUMBER | |
| International Standard Book Number | 0890069735 (alk. paper) |
| 040 ## - CATALOGING SOURCE | |
| Transcribing agency | Nust |
| 082 00 - DEWEY DECIMAL CLASSIFICATION NUMBER | |
| Classification number | 621.3813,MAA |
| 100 1# - MAIN ENTRY--PERSONAL NAME | |
| Personal name | Maas, Stephen A. |
| 245 14 - TITLE STATEMENT | |
| Title | The RF and microwave circuit design cookbook / |
| Statement of responsibility, etc. | Stephen A. Maas. |
| 260 ## - PUBLICATION, DISTRIBUTION, ETC. | |
| Place of publication, distribution, etc. | Boston : |
| Name of publisher, distributor, etc. | Artech House, |
| Date of publication, distribution, etc. | c1998. |
| 300 ## - PHYSICAL DESCRIPTION | |
| Extent | xviii, 267 p. : |
| Other physical details | ill. ; |
| Dimensions | 24 cm. |
| 440 #4 - SERIES STATEMENT/ADDED ENTRY--TITLE | |
| Title | The Artech House microwave library |
| 505 ## - FORMATTED CONTENTS NOTE | |
| Formatted contents note | Microwave circuits and circuit elements (Page-1), Solid-state devices(Page-51), Diode mixers (Page-95), Diode frequency multipliers (Page-125),Other diode applications (Page-159), Active mixers (Page-175), Fet resistive mixers (Page-213), Active frequency multipliers (Page-241), |
| 650 #0 - SUBJECT ADDED ENTRY--TOPICAL TERM | |
| Topical term or geographic name entry element | Microwave circuits. |
| 650 #0 - SUBJECT ADDED ENTRY--TOPICAL TERM | |
| Topical term or geographic name entry element | Radio circuits. |
| 942 ## - ADDED ENTRY ELEMENTS (KOHA) | |
| Source of classification or shelving scheme | |
| Koha item type | Reference |
| Withdrawn status | Lost status | Source of classification or shelving scheme | Damaged status | Not for loan | Permanent Location | Current Location | Shelving location | Date acquired | Full call number | Barcode | Date last seen | Price effective from | Koha item type | Public note |
|---|---|---|---|---|---|---|---|---|---|---|---|---|---|---|
| Military College of Signals (MCS) | Military College of Signals (MCS) | Reference | 12/12/2016 | 621.3813,MAA | MCS27902 | 12/08/2016 | 12/12/2016 | Reference | Almirah No.21, Shelf No.3 |
